书目信息 |
| 题名: |
日暮东陵:清东陵地宫珍宝被盗之迷
|
|
| 作者: | 岳南 著 | |
| 分册: | ||
| 出版信息: | 北京 新世界出版社 1998.02 |
|
| 页数: | 463页 | |
| 开本: | 32开 | |
| 丛书名: | ||
| 单 册: | ||
| 中图分类: | ||
| 科图分类: | ||
| 主题词: | 报告文学--中国 , 传记文学--中国 | |
| 电子资源: | ||
| ISBN: | 7-80005-404-7 | |
| 000 | 00633nam0 2200217 45 | |
| 001 | 9911091684 | |
| 005 | 20001028111306.4 | |
| 010 | @a7-80005-404-7@d22.00元 | |
| 100 | @a19991109d1998 km y0chiy0120 ea | |
| 101 | @achi | |
| 105 | @a z 000yy | |
| 200 | 1 | @a日暮东陵:清东陵地宫珍宝被盗之迷@ARi Mu Dong Ling:Qing Dong Ling Di Gong Zhen Bao Bei Dao Zhi Mi@f岳南著@FYue Nan Zhu |
| 210 | @a北京@c新世界出版社@d1998.02 | |
| 215 | @a463页@d32开 | |
| 606 | 0 | @a报告文学@x中国 |
| 606 | 0 | @a传记文学@x中国 |
| 690 | @v3 | |
| 690 | @aI25@v3 | |
| 701 | @a岳南@4著 | |
| 801 | @aCN@bPFTUser@c19991109 | |
| 905 | @dI25@eY.195@b194117-119@f3 | |
| 日暮东陵:清东陵地宫珍宝被盗之迷/岳南著.-北京:新世界出版社,1998.02 |
| 463页;32开 |
| ISBN 7-80005-404-7:22.00元 |
| ● |
| 相关链接 |
|
|
|
正题名:日暮东陵:清东陵地宫珍宝被盗之迷
索取号:I25/Y.195
 
预约/预借
| 序号 | 登录号 | 条形码 | 馆藏地/架位号 | 状态 | 备注 |
| 1 | 194117 | 201941177 | 社科二线422/422社科库 29排4列2层/ [索取号:I25/Y.195] | 在馆 | |
| 2 | 194118 | 201941186 | 文学库108/108文学库 66排2列4层/ [索取号:I25/Y.195] | 在馆 | |
| 3 | 194119 | 201941195 | 文学库108/ [索取号:I25/Y.195] | 在馆 |